000 00610nam a2200253Ia 4500
003 OSt
005 20220912152107.0
006 a|||||r|||| 00| 0
007 ta
008 220909b |||||||| |||| 00| 0 eng d
024 _a59439
037 _cTextual
040 _aCSL
_beng
_cCSL
041 _aeng
082 _aAu, K3;K5
100 _aBarnett S A
245 0 _aPenguin science survey 1965-B
260 _c1965
300 _ap.
_ccm.
650 _aScience survey
700 _a Mclarey A Ed.
942 _hAu, K3;K5
_cTEXL
_2CC
999 _c80890
_d80890